000 00940nam a22002897a 4500
001 BR7303974
003 BR-BrBNA
005 20230928084012.0
007 ta
008 230509b bl.||||| |||| 00| 0 por d
040 _aBR-BrBNA
_bpor
_cBiblioteca Nacional de Agricultura
041 _a(Por)
072 _aF00
_b1110
_b3540
_b/G514
090 _ 1110 BR7303974
100 1 _aMonteiro Neto, A.
110 1 _aEscola Superior de Agricultura Luiz de Queiroz, Piracicaba, SP (Brasil)
_0Tese (Mestrado)
245 1 _aComparacao entre modalidades de enxertia por garfagem na propagacao do abacateiro (Persea americana Mill)[Brasil]
260 3 _aPiracicaba, SP (Brasil):
_c1975.
300 _a55 p.
500 _a6 illus.; 5 tables; 31 ref.; Summaries (Eng, Por); Microficha
650 _aAbacate
650 _aEnxerto
650 _aGarfagem
650 _aReproducao vegetal
909 _a202309
_bLucia
_c55
_dLucia Elande
942 _cBK
999 _c16248
_d16248